| 000 | 00500nam a22001457a 4500 | ||
|---|---|---|---|
| 999 |
_c533802 _d533802 |
||
| 003 | NUST | ||
| 005 | 20200121121144.0 | ||
| 038 | _aNusrat Nadeem | ||
| 082 | _a519.4 JAV | ||
| 100 |
_a Batool Javeria _927792 |
||
| 245 |
_aMS Thesis:Computational Analysis of Cyclic Pyranopterin Monophosphate (cPMP) Formation from Guanosine Tri-phosphate (GTP) in Molybdenum Cofactor Biosynthesis _cJaveria Batool |
||
| 260 |
_aIslamabad _bRCMS NUST _c2019 |
||
| 710 | _4Dr.Uzma Habib(Supervisor) | ||
| 942 |
_2ddc _cTHE |
||